| 000 | 00677nam a2200229 a 4500 | ||
|---|---|---|---|
| 001 | 13804 | ||
| 003 | BD-JhCC | ||
| 005 | 20240327092555.0 | ||
| 008 | 240327b2018 nyu |||| ||a| 001 0 eng d | ||
| 020 | _a 9781250158062 | ||
| 035 | _a(BD-JhCC)13804 | ||
| 040 |
_aBD-JhCC _dBD-JhCC |
||
| 041 | _aenglish | ||
| 082 |
_a320.47 _bWOL 2018 |
||
| 100 | _a Wolff, Michael | ||
| 245 |
_a Fire and fury : _bInside the Trump White House / _cMichael Wolff . |
||
| 260 |
_aLondon: _bLittle Brown; _c2018. |
||
| 300 | _a xiii, 321 p. : | ||
| 650 |
_aPOLITICAL SCIENCE American Government _xNational _zUnited States Politics and government 2009-2017 |
||
| 942 |
_2ddc _cBK |
||
| 999 |
_c13804 _d13804 |
||